Васил Левски 1837 - 1873 (Запис номер 14492)
[ съкратено ]
| 000 -Лидер | |
|---|---|
| Контролно поле с фиксирана дължина | 03159nam a2200481 c 4500 |
| 003 - Код на организацията, давaща контролен номер | |
| Контролно поле | BLK |
| 005 - Дата и час на последна редакция | |
| Контролно поле | 20230411030257.0 |
| 008 - Елементи от данни с фиксирана дължина | |
| fixed length control field | 180412b bul|||||r ||||||| ||bul|| |
| 010 ## - Наследен системен номер | |
| LC control number | KNG00016204000 |
| 040 ## - Източник на каталожния запис | |
| Идентификатор на билиотеката - собственик на записа | BLK |
| 041 ## - Код за език | |
| Код за езика на текст/звукозапис или на отделно заглавие | Български |
| Код за езика КДБФ | Български |
| 080 ## - УДК | |
| Текстов определител УДК | Справочно-библиографска и информационна работа - Форми на пропаганда на книгата, библиографски помагала, пътеводители по литературата и др. Вж и 028 |
| УДК код - определител по УДК | 025.5 |
| УДК определител | |
| УДК - код + определител | 025.5 |
| 080 ## - УДК | |
| Текстов определител УДК | Био-библиографии |
| УДК код - определител по УДК | 016:929 |
| УДК определител | |
| УДК - код + определител | 016:929 |
| 080 ## - УДК | |
| Текстов определител УДК | Период на кризата на феодализма, зараждане на капиталистически отношения. Възраждане на българския народ (II пол. на ХVIII в. - 1878 г.) |
| УДК код - определител по УДК | 94(497.2)"1750/1878" |
| УДК определител | (01) |
| УДК - код + определител | 94(497.2)"1750/1878"(01) |
| 080 ## - УДК | |
| Текстов определител УДК | Васил Иванов Кунчев, известен и като Апостола на свободата, идеолог и организатор на българската национална революция, национален герой |
| УДК код - определител по УДК | 929 Левски, Васил |
| УДК определител | |
| УДК - код + определител | 929 Левски, Васил |
| 139 ## - Редно поле | |
| Редна дума | Иванов, Иван Йорданов |
| Авторски знак | Иванов - И 21 |
| 245 10 - Сведения за заглавието | |
| Заглавие | Васил Левски 1837 - 1873 |
| Подзаглавни данни | Лит. метод. и библиогр. материали за подпомагане работата на библ. при организиране на чествувания по случай 150-год. от рождението на В. Левски |
| Редно поле (дума) | състав. Иван Йорданов Иванов; ред. Христо Николов Хаджихристов. |
| 257 ## - Страна на издаване | |
| Страна на създаване/издаване | България |
| 260 ## - Област на издателските данни | |
| -- | София |
| Име на издателя, разпространителя и проч. | Нар. библ. Св. св. Кирил и Методий |
| Година на издаване | 1987 |
| 300 ## - Физическа характеристика | |
| Страници | 163 с. |
| Размери/Мащаб | 20 см |
| 380 ## - Жанр | |
| Жанр | Общ отдел |
| 500 ## - Общи забележки | |
| Забележка | Изд. на НБКМ. Науч.-метод. център. - Офс. изд. - 1 500 тир. |
| 650 #4 - Допълнително описание по предмет – тема | |
| Основно описание – тема или топоним | Библиотеки - справочно-библиографска и информационна работа |
| 9 (RLIN) | 259350 |
| 650 #4 - Допълнително описание по предмет – тема | |
| Основно описание – тема или топоним | Националноосвободително движение - България - дейци |
| 9 (RLIN) | 243361 |
| 650 #4 - Допълнително описание по предмет – тема | |
| Основно описание – тема или топоним | Пропаганда на литературата |
| 9 (RLIN) | 259351 |
| 651 #4 - Допълнително описание по предмет - топоним | |
| Географско понятие | България |
| 9 (RLIN) | 241624 |
| 653 ## - Ключова дума – ненормативна | |
| Ключова дума | Васил Левски |
| 653 ## - Ключова дума – ненормативна | |
| Ключова дума | националноосвободителни движения |
| 653 ## - Ключова дума – ненормативна | |
| Ключова дума | българска история |
| 653 ## - Ключова дума – ненормативна | |
| Ключова дума | революционери |
| 653 ## - Ключова дума – ненормативна | |
| Ключова дума | био-библиографии |
| 653 ## - Ключова дума – ненормативна | |
| Ключова дума | библиографски указатели |
| 653 ## - Ключова дума – ненормативна | |
| Ключова дума | био-библиографии |
| 700 1# - Други автори (авторска отговорност) | |
| Лично име | Иванов, Иван Йорданов |
| Автороска отговорност (Описва отношението между автора и произведението) | състав. |
| 9 (RLIN) | 259348 |
| 700 1# - Други автори (авторска отговорност) | |
| Лично име | Хаджихристов, Христо Николов |
| Автороска отговорност (Описва отношението между автора и произведението) | ред. |
| 9 (RLIN) | 259349 |
| 852 ## - Местоположение | |
| Форматна сигнатура | Цб 148688 |
| 856 4# - Електронен адрес и достъп | |
| Електронен формат | pdf - файл |
| Път до файла /url/ | |
| 856 4# - Електронен адрес и достъп | |
| Електронен формат | pdf - файл |
| Път до файла /url/ | |
| 942 ## - АРТИКУЛИ | |
| Вид на библиотечния материал | Книги |
| Скрит в OPAC | Не |
| 944 ## - СЪЗДАВАНЕ И РЕДАКЦИЯ на ЗАПИСА | |
| Създаване/Редакция | Създаване |
| Дата на регистрацията/редакция | 15.01.2003 |
| Статус, дата на статуса | ф / |
| Служител, извършил регистрацията/редакцията | Людмила_Стоянова |
| 944 ## - СЪЗДАВАНЕ И РЕДАКЦИЯ на ЗАПИСА | |
| Създаване/Редакция | Редакция |
| Дата на регистрацията/редакция | 05.09.2017 |
| Статус, дата на статуса | ф / |
| Служител, извършил регистрацията/редакцията | Людмила_Стоянова |
| 999 ## - СИСТЕМНИ КОНТРОЛНИ НОМЕРА | |
| Koha biblionumber | 14492 |
| Koha biblioitemnumber | 14492 |
| Код за отписване | Код за изгубен артикул | Източник на класификационната схема | Код за повреда | Коз за рестрикции | Код за отдаване | Артикулен № | Име на библиотеката - собственик | Име на библиотеката, в която се намира в момента | Статус (Текущо местоположение) | Дата на вписване в системата | Местоположение - отдел | Цена в лева | Инвентарен номер | Систематично азбучна сигнатура | Баркод | Номер на екземпляра | Цена в евро | Служебна бележка | Служебен тип на артикула |
|---|---|---|---|---|---|---|---|---|---|---|---|---|---|---|---|---|---|---|---|
| Не е изгубен | Universal Decimal Classification | Не е повреден | без рестрикции | ползва се в читалня | 24805 | Регионална библиотека "Любен Каравелов" Русе | Регионална библиотека "Любен Каравелов" Русе | Хранилище | 1987-01-01 | Хранилище | 2.40 | 479472 | Цб 148688 | 120000479472 | 1 | 1.23 | Дост: Dp Вид: Д N: стар фонд Дата: 01.01.1987 | Книги | |
| Не е изгубен | Universal Decimal Classification | Не е повреден | само за читалня | ползва се в читалня | 24806 | Регионална библиотека "Любен Каравелов" Русе | Регионална библиотека "Любен Каравелов" Русе | СБИД | 1987-01-01 | СБИД | 2.40 | 480514 | С 02/Л 36 | 120000480514 | 2 | 1.23 | Дост: Pk Вид: Ф N: стар фонд Дата: 01.01.1987 Дата инв: 08.06.2017 Бележки инв: С2017 | Книги | |
| Изтеглен | Не е изгубен | Universal Decimal Classification | Не е повреден | без рестрикции | ползва се в читалня | 24807 | Регионална библиотека "Любен Каравелов" Русе | Регионална библиотека "Любен Каравелов" Русе | Заемна - справочен фонд | 1987-01-01 | Заемна - справочен фонд | 2.40 | 480519 | 025/Л 36 В | 12000000480519 | 3 | 1.23 | Дост: Pk Вид: Ф N: стар фонд Дата: 01.01.1987 Дата инв: 15.02.2018 Бележки инв: СП2018 | Книги |